000
00294nam a2200133Ia 4500
008
230312s9999||||xx |||||||||||||| ||und||
082
_a
611
_b
ANA
245
0
_a
Gray's Anatomy
260
_b
Elsivier
_a
Spain
_c
2008
300
_a
1551
546
_a
Eng.
650
_a
Medical
_v
Anatomy
942
_c
BK
999
_c
5197
_d
5197